[Event "Sparkassen-Open B"]
[Site "Heusenstamm, Martinsee"]
[Date "2019.11.24"]
[Round "7.54"]
[White "Ghaznavi, Massoud"]
[Black "Werner, Florin"]
[Result "0-1"]
[WhiteElo "1562"]
[BlackElo "1297"]
[PlyCount "120"]
[EventDate "2019.??.??"]
[WhiteTeam "SV Oberursel"]
[BlackTeam "VSG Offenbach"]

1. e4 e5 2. Nf3 Nc6 3. d4 exd4 4. Nxd4 Nxd4 5. Qxd4 d6 6. Be3 Nf6 7. Nc3 Be7 8.
Be2 Be6 9. Rd1 O-O 10. a3 c6 11. e5 dxe5 12. Qxe5 Qc8 13. Qg3 Rd8 14. O-O Bd6
15. Bf4 Bxf4 16. Rxd8+ Qxd8 17. Qxf4 Qe7 18. Re1 Qd8 19. Bd3 Qd7 20. Ne4 Nxe4
21. Qxe4 g6 22. Qh4 Kg7 23. Qf4 Rd8 24. Qe5+ Kg8 25. h4 Qd6 26. Qa5 Qd4 27. h5
Rd5 28. Qc7 Rxh5 29. Qb8+ Kg7 30. Qxb7 Bd5 31. Re3 Qg4 32. Bf1 Qf4 33. Rg3 Rf5
34. Qxa7 h5 35. Qe3 Qd6 36. Qd4+ Kh7 37. b4 Rf4 38. Qd2 Rh4 39. c4 Rh1+ 40.
Kxh1 Bxg2+ 41. Kxg2 Qxd2 42. c5 Qd5+ 43. Kh2 Qe5 44. Kg1 Kh6 45. Re3 Qg5+ 46.
Rg3 Qf4 47. Bg2 h4 48. Rf3 Qc1+ 49. Kh2 f5 50. Re3 f4 51. Re4 Kg5 52. Re6 Qxa3
53. Bxc6 Qxb4 54. Rd6 f3 55. Rd5+ Kh6 56. Kh3 Qe1 57. Rd3 Qh1+ 58. Kg4 Qg2+ 59.
Kf4 Qxf2 60. Rxf3 Qxc5 0-1

[Event "Sparkassen-Open B"]
[Site "Heusenstamm, Martinsee"]
[Date "2019.11.24"]
[Round "7.55"]
[White "Bosse, Christian"]
[Black "Häfner, Günther"]
[Result "1-0"]
[WhiteElo "1507"]
[BlackElo "1323"]
[PlyCount "43"]
[EventDate "2019.??.??"]
[WhiteTeam "SF Nordost Berlin"]
[BlackTeam "Berkershm"]

1. g3 d5 2. Nf3 Nf6 3. Bg2 c6 4. O-O Nbd7 5. d3 e5 6. Bg5 Be7 7. Nbd2 O-O 8. c4
Re8 9. Qc2 d4 10. Bxf6 Bxf6 11. b4 b5 12. cxb5 cxb5 13. Nxd4 Nb6 14. Bxa8 Nxa8
15. Nxb5 Qb6 16. Nc3 Bb7 17. Nce4 Qe6 18. Nc5 Rc8 19. Nde4 Qc6 20. Qb3 Nb6 21.
Nxb7 Qxb7 22. Nd6 1-0

[Event "Sparkassen-Open B"]
[Site "Heusenstamm, Martinsee"]
[Date "2019.11.24"]
[Round "7.56"]
[White "Martin, Peter"]
[Black "Federenko, Ingo"]
[Result "1/2-1/2"]
[WhiteElo "1395"]
[BlackElo "1359"]
[PlyCount "37"]
[EventDate "2019.??.??"]
[WhiteTeam "SC Wittlich"]
[BlackTeam "SC FK Babenhausen"]

1. e4 e5 2. Nf3 Nc6 3. Bb5 d6 4. O-O Nf6 5. Re1 Be7 6. c3 O-O 7. h3 a6 8. Ba4
b5 9. Bc2 Bb7 10. d4 Nd7 11. dxe5 Ncxe5 12. Nxe5 Nxe5 13. f4 Nc4 14. Nd2 Nxd2
15. Bxd2 Re8 16. Qg4 h6 17. Re3 Bc8 18. f5 Bh4 19. Rf3 1/2-1/2

[Event "Sparkassen-Open B"]
[Site "Heusenstamm, Martinsee"]
[Date "2019.11.24"]
[Round "7.57"]
[White "Welker, Alexandra"]
[Black "Özyar, Arin"]
[Result "1/2-1/2"]
[WhiteElo "1441"]
[BlackElo "1345"]
[PlyCount "61"]
[EventDate "2019.??.??"]
[WhiteTeam "TuS Makkabi"]
[BlackTeam "SC Bad Soden"]

1. e4 e5 2. Nf3 Nc6 3. Bc4 Bc5 4. c3 Nf6 5. d4 exd4 6. e5 d5 7. Bb5 Ne4 8. cxd4
Bb4+ 9. Bd2 Nxd2 10. Nbxd2 O-O 11. Bxc6 bxc6 12. h3 Ba6 13. a3 Be7 14. Qc2 Qd7
15. Rc1 Bb7 16. O-O a5 17. Nb3 Rfb8 18. Rfe1 Ra6 19. Nc5 Bxc5 20. Qxc5 Qe6 21.
b4 axb4 22. axb4 Rb6 23. Rb1 Bc8 24. Re3 Bd7 25. Nd2 Rb5 26. Qa7 R5b7 27. Qa3
Qe7 28. Reb3 h6 29. Qa5 Qh4 30. Nf3 Qe7 31. Nd2 1/2-1/2

[Event "Sparkassen-Open B"]
[Site "Heusenstamm, Martinsee"]
[Date "2019.11.24"]
[Round "7.58"]
[White "Kuran, Rainer"]
[Black "Bakó, Evelin"]
[Result "1-0"]
[WhiteElo "1464"]
[BlackElo "1240"]
[PlyCount "29"]
[EventDate "2019.??.??"]
[WhiteTeam "Karlsruher SF"]
[BlackTeam "TSV Langenau"]

1. e4 e5 2. Nf3 Nf6 3. d4 exd4 4. e5 Nd5 5. Nxd4 Be7 6. Nf5 Nb6 7. Bd3 O-O 8.
Nxg7 Kxg7 9. Qg4+ Kh8 10. Qf5 Bb4+ 11. c3 Bxc3+ 12. Nxc3 Qh4 13. Bg5 d6 14.
Qf6+ Kg8 15. Bxh4 1-0

[Event "Sparkassen-Open B"]
[Site "Heusenstamm, Martinsee"]
[Date "2019.11.24"]
[Round "7.59"]
[White "Tobias, Karolin"]
[Black "Moldenhauer, Nils"]
[Result "0-1"]
[WhiteElo "1261"]
[BlackElo "1453"]
[PlyCount "80"]
[EventDate "2019.??.??"]
[WhiteTeam "SV Oberursel"]
[BlackTeam "SV Oberursel"]

1. e4 e5 2. Nf3 Nc6 3. Bc4 Bc5 4. c3 Nf6 5. d3 d6 6. O-O O-O 7. Nbd2 a6 8. Re1
Na5 9. Bb3 Nxb3 10. Nxb3 Bb6 11. Bg5 h6 12. Bh4 Bg4 13. d4 Qe7 14. Qd3 Rfe8 15.
Nbd2 Bd7 16. dxe5 dxe5 17. Bxf6 gxf6 18. Nh4 Be6 19. Qg3+ Kh7 20. Nf5 Bxf5 21.
exf5 Qd7 22. Ne4 Qxf5 23. Qg4 Qg6 24. Qxg6+ Kxg6 25. Rad1 Rad8 26. g3 f5 27.
Nd2 e4 28. Nc4 Bc5 29. b4 Be7 30. h4 Bf6 31. Rc1 Rd3 32. Re3 Red8 33. Kf1 Rxe3
34. fxe3 Rd3 35. Ke2 Bxc3 36. Kf2 f6 37. a3 b5 38. Na5 Bd2 39. Rf1 Rxa3 40. Nb7
Rxe3 0-1

[Event "Sparkassen-Open B"]
[Site "Heusenstamm, Martinsee"]
[Date "2019.11.24"]
[Round "7.60"]
[White "Sallwey, Rainer"]
[Black "Laux, Filip"]
[Result "1/2-1/2"]
[WhiteElo "1416"]
[BlackElo "1129"]
[PlyCount "73"]
[EventDate "2019.??.??"]
[WhiteTeam "SK Langen"]
[BlackTeam "VSG Offenbach"]

1. d4 d5 2. Bf4 Nf6 3. e3 e6 4. Nf3 Be7 5. Bd3 Nbd7 6. Ne5 O-O 7. O-O Nh5 8.
Qxh5 Nf6 9. Qd1 Re8 10. c3 c5 11. dxc5 Bxc5 12. Bg3 Bd7 13. Nd2 Rc8 14. Nb3 Bb6
15. Qe2 a6 16. Bh4 Bc7 17. Nxd7 Qxd7 18. Bxf6 gxf6 19. g3 e5 20. Qh5 e4 21. Be2
Re5 22. Qh6 Qd6 23. Nd4 Rg5 24. Qh3 Re8 25. c4 Bb6 26. Nf5 Qe5 27. Nd4 dxc4 28.
Bxc4 Bxd4 29. exd4 Qxd4 30. Bb3 Kg7 31. Rad1 Qc5 32. Qd7 Re7 33. Qd4 Qc6 34.
Qe3 h5 35. h4 Rg4 36. Kh2 Qc7 37. Rc1 1/2-1/2

[Event "Sparkassen-Open B"]
[Site "Heusenstamm, Martinsee"]
[Date "2019.11.24"]
[Round "7.61"]
[White "Matsoukas, Konstantinos"]
[Black "Laznik, Zeljko"]
[Result "1-0"]
[WhiteElo "1069"]
[BlackElo "1432"]
[PlyCount "73"]
[EventDate "2019.??.??"]
[WhiteTeam "Frankfurter TV"]
[BlackTeam "SF Heusenstamm"]

1. d4 d5 2. c4 dxc4 3. Qa4+ Nc6 4. e3 Bd7 5. Qxc4 e6 6. a3 Na5 7. Qc2 a6 8. Nc3
Nf6 9. Bd3 Bc6 10. Nf3 Bxf3 11. gxf3 g6 12. b3 Nd5 13. Bb2 Rc8 14. b4 Nc6 15.
O-O-O Ra8 16. Nxd5 Qxd5 17. Be4 Qd7 18. d5 Nxb4 19. axb4 Rg8 20. dxe6 Qxe6 21.
Bxb7 Rd8 22. Rxd8+ Kxd8 23. Bd5 Qf5 24. Be4 Qe6 25. Rd1+ Kc8 26. Bd5 Qf5 27.
Qc6 Bd6 28. Qa8+ Kd7 29. Qxg8 Ke7 30. Qa8 Be5 31. Bb3 Kf6 32. Qd8+ Kg7 33. Bxf7
Bxb2+ 34. Kxb2 Qe5+ 35. Qd4 Qxd4+ 36. Rxd4 Kxf7 37. Rd7+ 1-0

[Event "Sparkassen-Open B"]
[Site "Heusenstamm, Martinsee"]
[Date "2019.11.24"]
[Round "7.62"]
[White "Benz, Jürgen"]
[Black "Bakó, Isabella"]
[Result "1-0"]
[WhiteElo "1402"]
[BlackElo "1177"]
[PlyCount "75"]
[EventDate "2019.??.??"]
[WhiteTeam "SK Bad Homburg"]
[BlackTeam "TSV Langenau"]

1. e4 c5 2. Nf3 d6 3. d4 cxd4 4. Nxd4 Nf6 5. Nc3 g6 6. Bg5 Bg7 7. Bc4 O-O 8.
Qd2 Nc6 9. O-O-O Bd7 10. h4 h5 11. Bh6 Rc8 12. a3 Ne5 13. Bb3 Nc4 14. Bxc4 Rxc4
15. Bxg7 Kxg7 16. Qd3 Rc8 17. f4 Ng4 18. Rdf1 Qc7 19. f5 a6 20. Rh3 Qc4 21. Qd1
e5 22. Nb3 Bb5 23. Rd3 Ne3 24. Qf3 Nxf1 25. Qxf1 Qc6 26. Na5 Bxd3 27. Qxd3 Qb6
28. Nc4 Qg1+ 29. Nd1 Qxg2 30. Nxd6 Rfd8 31. c3 Rc6 32. Qd5 Qg3 33. Qxf7+ Kh8
34. Qf6+ Kg8 35. Qxd8+ Kg7 36. f6+ Kh7 37. Qe7+ Kh6 38. Qg7# 1-0

[Event "Sparkassen-Open B"]
[Site "Heusenstamm, Martinsee"]
[Date "2019.11.24"]
[Round "7.63"]
[White "Jansen, Malte"]
[Black "Follert, Christian"]
[Result "0-1"]
[WhiteElo "790"]
[BlackElo "1392"]
[PlyCount "64"]
[EventDate "2019.??.??"]
[WhiteTeam "SC Herborn"]
[BlackTeam "SF Seligenstadt"]

1. e4 c5 2. Nf3 Nc6 3. Bc4 e6 4. c3 d5 5. exd5 exd5 6. Be2 Be7 7. d3 Nf6 8. Bg5
O-O 9. O-O h6 10. Bh4 b6 11. Nbd2 Bd7 12. Re1 Re8 13. d4 cxd4 14. cxd4 Ne4 15.
Bxe7 Rxe7 16. Bd3 Nxd2 17. Qxd2 Be6 18. Rac1 Qd6 19. Ba6 Nb4 20. Bb5 a6 21. a3
axb5 22. axb4 Ra4 23. Ne5 Bd7 24. Nd3 Rxe1+ 25. Qxe1 Bf5 26. Qe8+ Kh7 27. Qxb5
Ra2 28. g3 Qg6 29. Nf4 Qg4 30. Qxd5 Rxb2 31. Qxf7 Be4 32. Rf1 Qf3 0-1

[Event "Sparkassen-Open B"]
[Site "Heusenstamm, Martinsee"]
[Date "2019.11.24"]
[Round "7.64"]
[White "Bondarevsky, David"]
[Black "Carvelli, Nicolas"]
[Result "0-1"]
[WhiteElo "1403"]
[BlackElo "1459"]
[PlyCount "104"]
[EventDate "2019.??.??"]
[WhiteTeam "TuS Makkabi"]
[BlackTeam "SF Seligenstadt"]

1. e4 e5 2. Nf3 Nc6 3. Bc4 h6 4. d4 exd4 5. Nxd4 Bc5 6. Nxc6 bxc6 7. Qf3 Qf6 8.
Qxf6 Nxf6 9. Nc3 Bb4 10. Bd2 O-O 11. a3 Bxc3 12. Bxc3 Nxe4 13. O-O Nxc3 14.
bxc3 d5 15. Bd3 Re8 16. Rfe1 Bd7 17. Rxe8+ Rxe8 18. Rb1 c5 19. c4 dxc4 20. Bxc4
Bc6 21. Bd3 a5 22. h3 Ra8 23. Kh2 g6 24. Re1 Re8 25. Rb1 Kg7 26. Bb5 Rb8 27. c4
Bd7 28. Rb3 c6 29. Ba4 Rxb3 30. Bxb3 Kf6 31. Kg3 Ke5 32. Kf3 Kd4 33. Kf4 g5+
34. Kf3 f5 35. g4 f4 36. Ba4 Kxc4 37. Ke4 Kc3 38. Ke5 Kd3 39. Kd6 Be8 40. Kxc5
Ke2 41. Kb6 Kxf2 42. Kxa5 Kg2 43. Bd1 f3 44. Bxf3+ Kxf3 45. Kb6 Bg6 46. Kc5 Bc2
47. Kd4 Kg3 48. Kc3 Ba4 49. Kb4 Bd1 50. Kc5 Kxh3 51. Kxc6 Kxg4 52. a4 Bxa4+ 0-1

[Event "Sparkassen-Open B"]
[Site "Heusenstamm, Martinsee"]
[Date "2019.11.24"]
[Round "7.65"]
[White "Barth, Horst"]
[Black "Jelinek, Stefan"]
[Result "1-0"]
[WhiteElo "1270"]
[BlackElo "1457"]
[Annotator "Schloessner,Henrik"]
[PlyCount "105"]
[EventDate "2019.??.??"]
[WhiteTeam "SF Mainz"]
[BlackTeam "SC Kahl"]

1. c4 e5 2. Nc3 Bc5 3. Nf3 d6 4. e3 Nc6 5. Be2 Nge7 6. O-O Be6 7. b3 d5 8. Ng5
Bf5 9. Bg4 d4 10. Nce4 h6 11. Bxf5 Nxf5 12. Nxf7 Kxf7 13. Qh5+ g6 14. Qf3 b6
15. g4 Nce7 16. Nxc5 bxc5 17. Ba3 Qd6 18. e4 Ke6 19. gxf5+ gxf5 20. Kh1 Rag8
21. Rg1 Rg5 22. Bc1 f4 23. Rxg5 hxg5 24. Qg4+ Kf6 25. Ba3 Rh4 26. Qg2 Qc6 27.
Rg1 Rh5 28. Qg4 Kg6 29. d3 Qf6 30. Bxc5 Ng8 31. Qc8 Nh6 32. f3 Nf7 33. Bxa7 Rh8
34. Qxc7 Qe6 35. Qb6 Qxb6 36. Bxb6 Ra8 37. Rg2 Kh5 38. h3 Kh4 39. Kh2 Rg8 40.
Bc7 g4 41. Rxg4+ Rxg4 42. hxg4 Ng5 43. Kg2 Ne6 44. Bxe5 Kg5 45. b4 Nd8 46. a4
Nc6 47. Bd6 Kf6 48. b5 Na5 49. Bxf4 Nb3 50. g5+ Ke6 51. Kg3 Nc5 52. a5 Nxd3 53.
a6 {Um eine letzte kleine Chance zu wahren ging der Sd3 nun direkt mit
Schachgebot nach e2. Genützt hat es trotzdem nichts: 1-0 (60)} 1-0

[Event "Sparkassen-Open B"]
[Site "Heusenstamm, Martinsee"]
[Date "2019.11.24"]
[Round "7.66"]
[White "Merz, Leander"]
[Black "Deiringer, Julius"]
[Result "0-1"]
[WhiteElo "1164"]
[BlackElo "1181"]
[PlyCount "152"]
[EventDate "2019.??.??"]
[WhiteTeam "Schachforum Darmstadt"]
[BlackTeam "SV Jedesheim"]

1. d4 f5 2. c4 e6 3. Nc3 Nf6 4. e3 d5 5. Bd3 Be7 6. Qc2 O-O 7. Nge2 Bd7 8. cxd5
Nxd5 9. Nxd5 exd5 10. Ng3 Bb4+ 11. Bd2 Bxd2+ 12. Qxd2 Qf6 13. Qa5 Qc6 14. O-O
b6 15. Qa3 f4 16. Rac1 Qb7 17. exf4 Rxf4 18. Rfd1 Nc6 19. Bb5 Raf8 20. Bxc6
Bxc6 21. f3 Bb5 22. Qe7 R4f7 23. Qb4 Qa6 24. Qb3 Bc4 25. Qc3 Qxa2 26. Ra1 Qb3
27. Qxb3 Bxb3 28. Rd3 Bc4 29. Rc3 a5 30. b3 Bb5 31. Rb1 c6 32. Nf1 Rf4 33. Rd1
R8f7 34. Ne3 a4 35. b4 Ra7 36. Nc2 Bc4 37. Na3 b5 38. Kf2 Kf7 39. g3 Rf6 40.
Ra1 Re6 41. Nxc4 dxc4 42. h4 Rd6 43. Rd1 Rad7 44. Ke3 Re6+ 45. Kf2 Rd5 46. g4
Red6 47. Ke3 Kf6 48. f4 Kg6 49. h5+ Kf6 50. Ra3 g5 51. hxg6 hxg6 52. Rc3 Rd7
53. Ra3 Rh7 54. Rda1 Rh3+ 55. Ke4 Rb3 56. Rxb3 cxb3 57. g5+ Ke6 58. Kd3 b2 59.
Re1+ Kf7 60. Kc3 Rd6 61. Rd1 Ke6 62. Kxb2 Kf5 63. Kc3 Kxf4 64. Rg1 Rd5 65. Kd3
Rxg5 66. Rf1+ Kg4 67. Ke4 Rf5 68. Rg1+ Kh5 69. Rg2 Rf1 70. Ke3 Rb1 71. Kf4 Kh6
72. Rc2 Rxb4 73. Rxc6 Rxd4+ 74. Ke3 Rc4 75. Rd6 a3 76. Ra6 Ra4 0-1

[Event "Sparkassen-Open B"]
[Site "Heusenstamm, Martinsee"]
[Date "2019.11.24"]
[Round "7.67"]
[White "Kehrein, Lothar"]
[Black "Mook, Karl-Jürgen"]
[Result "0-1"]
[WhiteElo "981"]
[BlackElo "1513"]
[PlyCount "144"]
[EventDate "2019.??.??"]
[WhiteTeam "SK Gau-Algesheim"]
[BlackTeam "SC Sulzbach"]

1. e4 e5 2. Nf3 Nc6 3. Bc4 Bc5 4. O-O Nf6 5. Nc3 a6 6. d3 O-O 7. Bg5 h6 8. Bh4
g5 9. Bg3 d6 10. a3 Bg4 11. Nd5 Nd4 12. Kh1 Nxf3 13. gxf3 Bh5 14. Kg1 Nxd5 15.
Bxd5 c6 16. Bb3 Qf6 17. Kg2 Kg7 18. h3 Rad8 19. c3 Rfe8 20. Qe2 Rd7 21. Rae1
Rde7 22. Bd1 Ba7 23. Qd2 Bb8 24. a4 c5 25. c4 Bc7 26. Rh1 Qg6 27. b4 f5 28.
bxc5 dxc5 29. Bh2 fxe4 30. dxe4 Rd8 31. Qb2 Ba5 32. Bxe5+ Kf7 33. Re3 Red7 34.
Qc2 Rd2 35. Qb3 Bb4 36. Bc3 R2d3 37. Rxd3 Rxd3 38. Qb1 Rxc3 39. Be2 a5 40. Rd1
Qe6 41. e5 Bg6 42. Bd3 Bxd3 43. Rxd3 Rxd3 44. Qxd3 Ke8 45. Qe2 Bc3 46. f4 gxf4
47. Qh5+ Kd7 48. Qg4 Qxg4+ 49. hxg4 Ke6 50. f3 Bxe5 51. Kf2 Bc3 52. Ke2 Ke5 53.
Kd3 Bd4 54. Kd2 Be3+ 55. Kd3 b6 56. Kc3 Kf6 57. Kd3 Ke5 58. Kc3 Bf2 59. Kd3 Bh4
60. Kc3 Bg5 61. Kd3 Bh4 62. Kc3 Be1+ 63. Kd3 Bd2 64. Kxd2 Kd4 65. Kc2 Kxc4 66.
Kd2 Kd4 67. Kc2 c4 68. Kd2 c3+ 69. Ke2 Kc4 70. g5 hxg5 71. Kd1 Kd3 72. Kc1 c2
0-1

[Event "Sparkassen-Open B"]
[Site "Heusenstamm, Martinsee"]
[Date "2019.11.24"]
[Round "7.68"]
[White "Papadopoulos, Leon"]
[Black "Moissl, Julian"]
[Result "1/2-1/2"]
[WhiteElo "1388"]
[BlackElo "915"]
[PlyCount "97"]
[EventDate "2019.??.??"]
[WhiteTeam "SV Oberursel"]
[BlackTeam "SK Bad Homburg"]

1. e4 e5 2. Nf3 Nc6 3. Bc4 Bc5 4. O-O Nf6 5. d4 Nxd4 6. Be3 Nxf3+ 7. Qxf3 Bb6
8. Nc3 d6 9. Nd5 Bxe3 10. fxe3 Bd7 11. Rf2 c6 12. Nxf6+ gxf6 13. Qxf6 Qxf6 14.
Rxf6 O-O-O 15. Rxd6 Rhg8 16. Rad1 Rg7 17. Rf6 Be6 18. Rxd8+ Kxd8 19. Bxe6 fxe6
20. Rxe6 Re7 21. Rxe7 Kxe7 22. Kf2 Kf6 23. Kf3 Kg5 24. g3 h5 25. h3 h4 26.
gxh4+ Kxh4 27. Kg2 b6 28. Kf2 Kxh3 29. Ke2 Kg3 30. Kd3 b5 31. b4 Kf3 32. a3 a6
33. c3 Kf2 34. c4 Kf3 35. cxb5 axb5 36. Kd2 Kxe4 37. Ke2 Kd5 38. Kf3 Kc4 39.
Ke4 Kb3 40. Kxe5 Kxa3 41. Kd4 Kxb4 42. e4 Ka3 43. e5 b4 44. e6 b3 45. e7 b2 46.
e8=Q b1=Q 47. Qa8+ Kb3 48. Qb7+ Kc2 49. Qxc6+ 1/2-1/2

[Event "Sparkassen-Open B"]
[Site "Heusenstamm, Martinsee"]
[Date "2019.11.24"]
[Round "7.71"]
[White "Wohlgemuth, Wolfgang"]
[Black "Neininger, Sarah"]
[Result "0-1"]
[WhiteElo "1190"]
[BlackElo "1255"]
[PlyCount "84"]
[EventDate "2019.??.??"]
[WhiteTeam "TG Biberach"]
[BlackTeam "SV Oberursel"]

1. d4 d5 2. Nf3 Nc6 3. c4 e6 4. Nc3 Nf6 5. Bg5 Be7 6. e3 O-O 7. Bd3 b6 8. O-O
Bb7 9. a3 a5 10. Qc2 Re8 11. Bf4 h6 12. h3 Bd6 13. Ne2 e5 14. dxe5 Nxe5 15. Bf5
dxc4 16. Nxe5 Bxe5 17. Bxe5 Rxe5 18. Qxc4 Rxf5 19. Rad1 Qe7 20. Rd4 Ba6 21. Qc2
Rc5 22. Qd1 Bxe2 23. Qxe2 Rd8 24. Rfd1 Rcd5 25. Qc4 Rxd4 26. exd4 c5 27. d5 Qe5
28. f4 Qxb2 29. a4 Qb4 30. Qe2 Qxa4 31. d6 Qxf4 32. Qe7 Rd7 33. Qe2 Rxd6 34.
Rxd6 Qxd6 35. Qb5 Qd4+ 36. Kh2 c4 37. Qc6 c3 38. Qc8+ Kh7 39. Qf5+ g6 40. Qc2
b5 41. Kg3 Qe5+ 42. Kf3 Qe4+ 0-1